000 00838nam a2200253 i 4500
001 bg
100 1 _aSITEK, Eugeniusz
245 1 0 _aDeterminanty bezpośrednich inwestycji zagranicznych przedsiębiorstw /
_cEugeniusz Sitek.
260 _aCzęstochowa :
_bWydaw. PC,
_c1997.
300 _a144, [6] s. :
_brys., wykr. ;
_c24 cm.
490 1 _aMonografie / Politechnika Częstochowska,
_x0860-5017 ;
_vnr 46
500 _aRez., streszcz., summ.
504 _aBibliogr. s. 140-[145].
650 9 _aInwestycje zagraniczne
_xteoria
650 9 _aInwestycje zagraniczne
_xpolityka
830 0 _aMonografie (Politechnika Częstochowska) ;
_vnr 46
020 _a8385031847
040 _cBPK
041 0 _apl
080 _a338.22:330.322]:339.97
920 _a83-85031-84-7
942 _cKS
008 s pl f |000 0 pol
999 _c31536
_d31536
856 _uhttp://koha.tu.koszalin.pl/cgi-bin/koha/opac-detail.pl?biblionumber=31536
_yKatalog online BPK